| 000 | 00000nam##2200000za#4500 |
| 001 | 9.616538 |
| 003 | CaOODSP |
| 005 | 20200327143435 |
| 007 | ta |
| 008 | 150406|2002||||xxc||||| f|0| 0 eng|d |
| 022 | |a0706-6457 |
| 040 | |aCaOODSP|beng |
| 043 | |an-cn--- |
| 086 | 1 |aFs97-6/2431E |
| 110 | 1 |aCanada. |bDepartment of Fisheries and Oceans. |
| 245 | 10|aFouling organisms in a mussel cultivation bay : |btheir effect on nutrient uptake and release / |cby A. LeBlanc, T. Landry, G. Miron. |
| 260 | |aOttawa - Ontario : |bFisheries and Oceans Canada |c2002. |
| 300 | |avii, 16p. : |bgraphs, references, tables ; |c28 cm. |
| 490 | 1 |aCanadian technical report of fisheries and aquatic sciences|x0706-6457|v2431 |
| 500 | |a"Department of Fisheries and Oceans, Gulf Fisheries Centre, Oceans & Science Branch, P.O. Box 5030, Moncton, New Brunswick E1C 9B6". |
| 546 | |a(Textes d'introduction en anglais et en français.) |
| 563 | |aSoftcover |
| 590 | |a03-42|b2003-10-17 |
| 690 | 07|aFisheries|2gcpds |
| 720 | 1 |aLandry, T. |
| 720 | 1 |aMiron, G. |
| 720 | 1 |aLeBlanc, A. R. |
| 776 | 0#|tFouling organisms in a mussel cultivation bay : |w(CaOODSP)9.574065 |
| 830 | #0|aCanadian technical report of fisheries and aquatic sciences,|x0706-6457|v2431|w(CaOODSP)9.514691 |